Pays membres et observateurs de l'Organisation des États turciques - Statistiques

Statistiques générales
  • Ce quiz a été pris 129 fois
  • Le résultat moyen est 6 sur 7
Statistiques - réponses
Statue Pays % Correct
Membre Turquie
99%
Membre Azerbaïdjan
90%
Membre Kazakhstan
88%
Membre Kirghizistan
88%
Membre Ouzbékistan
88%
Observateur Turkménistan
87%
Observateur Hongrie
41%
Aucun quiz correspondant
Distribution des résultats
% des personnes avec chaque résultat
Percentile par nombre de réponses
Votre historique - résultats
Vous n’avez pas pris ce quiz